[Event "LUX-chT 2016/17"]
[Site "Luxembourg"]
[Date "2016.11.20"]
[Round "4"]
[White "Haensel, Jean Marie"]
[Black "Smailovic, Nermin"]
[Result "1-0"]
[WhiteElo "1855"]
[BlackElo "1772"]
[PlyCount "71"]
[EventDate "2016.09.25"]
[EventType "team-tourn"]
[EventRounds "10"]
[EventCountry "LUX"]
[SourceTitle "EXT 2018"]
[Source "ChessBase"]
[SourceDate "2017.10.13"]
[SourceVersion "1"]
[SourceVersionDate "2017.10.13"]
[SourceQuality "1"]

1. d4 d5 2. c4 c6 3. Nf3 Nf6 4. e3 e6 5. Nc3 Be7 6. Bd3 dxc4 7. Bxc4 b5 8. Bb3 0-0 9. Ne5 Bb7 10. 0-0 Nbd7 11. f4 a6 12. Qf3 Qc7 13. Qh3 c5 14. g4 cxd4 15. exd4 b4 16. g5 Nd5 17. Nxd5 Bxd5 18. Bxd5 exd5 19. Qxd7 Rac8 20. Be3 Qxd7 21. Nxd7 Rfd8 22. Ne5 f6 23. gxf6 gxf6 24. Nd3 Kf7 25. Rac1 Rb8 26. Rc6 a5 27. Rfc1 Rg8+ 28. Kf2 Rg6 29. Rg1 Rh6 30. Rg2 b3 31. a4 Re8 32. Rb6 Rc8 33. Nc5 Rh3 34. Rxb3 Bxc5 35. dxc5 Rxc5 36. Rb7+ 1-0